Tư tưởng Hồ Chí Minh về đại đoàn kết dân tộc và vận dụng ở tỉnh Sóc Trăng hiện nay /

Gardado en:
Detalles Bibliográficos
Autor Principal: Nguyễn Ngọc Cẩn.
Formato: Artigo
Idioma:Vietnamese
Những chủ đề:
Các nhãn: Engadir etiqueta
Sen Etiquetas, Sexa o primeiro en etiquetar este rexistro!
Thư viện lưu trữ: Thư viện Trường Đại học Đà Lạt
LEADER 00986nam a2200277 4500
001 DLU210196268
005 ##20210510
040 # # |a DLU  |b vie 
041 # # |a vie 
044 # # |a vn 
100 # # |a Nguyễn Ngọc Cẩn. 
245 # # |a Tư tưởng Hồ Chí Minh về đại đoàn kết dân tộc và vận dụng ở tỉnh Sóc Trăng hiện nay /  |c Nguyễn Ngọc Cẩn. 
653 # # |a Đại đoàn kết dân tộc 
653 # # |a Đồng bào dân tộc 
653 # # |a Dân tộc Khmer 
653 # # |a Sóc Trăng 
653 # # |a Tư tưởng Hồ Chí Minh 
773 # # |t Tạp chí Khoa học xã hội Việt Nam  |g Số 10, 2019, tr. 48-55 
920 # # |a Phòng Tạp chí -- Trung tâm Thông tin - Thư viện Trường Đại học Đà Lạt 
900 # # |a True 
911 # # |a Hoàng Thị Huyền 
925 # # |a G 
926 # # |a A 
927 # # |a BB 
980 # # |a Thư viện Trường Đại học Đà Lạt